| 000 | 00595nam a22001937a 4500 | ||
|---|---|---|---|
| 999 |
_c197013 _d197013 |
||
| 005 | 20230811114128.0 | ||
| 010 | _aUR-12110 | ||
| 020 |
_a9789350736067 _c50.00 |
||
| 035 | _aU-10665 | ||
| 037 | _bDBAD/PUB | ||
| 082 | _a841 | ||
| 100 | _aمحبوب محشر | ||
| 245 |
_aآخری سوغات / _cمحبوب محشر |
||
| 246 |
_aAakhri Saughat / _bby Mahboob Mahshar |
||
| 260 |
_aDelhi _bEducational Publishing House _c2015 ء |
||
| 270 |
_a3191, Vakil Street, Kucha Pandit, Lal Kuan _bDelhi _e6 |
||
| 300 |
_a64 ص _c23cm(Hb) |
||
| 942 |
_2ddc _cUR _mم ح ب _e _h841 |
||